<?xml version="1.0" encoding="UTF-8"?>
<record
    xmlns:xsi="http://www.w3.org/2001/XMLSchema-instance"
    xsi:schemaLocation="http://www.loc.gov/MARC21/slim http://www.loc.gov/standards/marcxml/schema/MARC21slim.xsd"
    xmlns="http://www.loc.gov/MARC21/slim">

  <leader>00534nam a22001577a 4500</leader>
  <controlfield tag="003">OSt</controlfield>
  <controlfield tag="005">20151101111445.0</controlfield>
  <controlfield tag="008">151101b        xxu||||| |||| 00| 0 eng d</controlfield>
  <datafield tag="040" ind1=" " ind2=" ">
    <subfield code="c">RUA</subfield>
  </datafield>
  <datafield tag="082" ind1=" " ind2=" ">
    <subfield code="a">FOR &#x179F;&#x17C0;&#x1780; 1990 B115 Or.1</subfield>
  </datafield>
  <datafield tag="100" ind1=" " ind2=" ">
    <subfield code="9">3137</subfield>
    <subfield code="a">&#x179F;&#x17C0;&#x1780; &#x179F;&#x17BB;&#x1784;</subfield>
  </datafield>
  <datafield tag="245" ind1=" " ind2=" ">
    <subfield code="a">&#x1780;&#x17B6;&#x179A;&#x178A;&#x17B6;&#x17C6;&#x1796;&#x17D2;&#x179A;&#x17C3;&#x1788;&#x17BE;&#x17A1;&#x17BE;&#x1784;&#x179C;&#x17B7;&#x1789;&#x1793;&#x17C5;&#x179F;&#x17D2;&#x1790;&#x17B6;&#x1793;&#x17B8;&#x1799;&#x17CD; &#x179F;&#x17D2;&#x179A;&#x17BB;&#x1780;&#x179A;&#x1798;&#x17B6;&#x179F;&#x17A0;&#x17C2;&#x1780; &#x1781;&#x17C1;&#x178F;&#x17D2;&#x178F;&#x179F;&#x17D2;&#x179C;&#x17B6;&#x1799;&#x179A;&#x17C0;&#x1784;</subfield>
  </datafield>
  <datafield tag="260" ind1=" " ind2=" ">
    <subfield code="a">Phnom Penh</subfield>
    <subfield code="b">RUA</subfield>
    <subfield code="c">1990</subfield>
  </datafield>
  <datafield tag="300" ind1=" " ind2=" ">
    <subfield code="a">81p,.</subfield>
    <subfield code="b">ill.</subfield>
    <subfield code="c">29cm.</subfield>
  </datafield>
  <datafield tag="942" ind1=" " ind2=" ">
    <subfield code="2">ddc</subfield>
    <subfield code="c">FOR</subfield>
  </datafield>
  <datafield tag="999" ind1=" " ind2=" ">
    <subfield code="c">2926</subfield>
    <subfield code="d">2926</subfield>
  </datafield>
  <datafield tag="952" ind1=" " ind2=" ">
    <subfield code="0">0</subfield>
    <subfield code="1">0</subfield>
    <subfield code="2">ddc</subfield>
    <subfield code="4">0</subfield>
    <subfield code="6">FOR_&#x179F;&#x17C0;&#x1780;_1990_000000000000000_B115_OR_1</subfield>
    <subfield code="7">0</subfield>
    <subfield code="9">14044</subfield>
    <subfield code="a">LBB</subfield>
    <subfield code="b">LBB</subfield>
    <subfield code="c">B115</subfield>
    <subfield code="d">2015-11-01</subfield>
    <subfield code="o">FOR &#x179F;&#x17C0;&#x1780; 1990 B115 Or.1</subfield>
    <subfield code="p">RUA028140</subfield>
    <subfield code="r">2015-11-01</subfield>
    <subfield code="w">2015-11-01</subfield>
    <subfield code="y">FOR</subfield>
  </datafield>
</record>
